00352nam a2200121Ia 4500008004100000082001700041100001800058245004100076260002400117365000700141630004100148730004100189100415s9999 xx 000 0 und d b19490a574.1 aSHIVA VANDANA aCan life be made? can life be owned? aPUNEc1995bPARISAR b15 aCan life be made? can life be owned? aCan life be made? can life be owned?